| 000 | 00715cam a2200265 4500500 | ||
|---|---|---|---|
| 005 | 20260405003648.0 | ||
| 041 | _afre | ||
| 042 | _adc | ||
| 100 | 1 | 0 |
_aEltchaninoff, Michel _eauthor |
| 245 | 0 | 0 | _aXi Jinping, nouveau gendarme du monde ? |
| 260 | _c2023. | ||
| 500 | _a76 | ||
| 690 | _aChine | ||
| 690 | _aDiplomatie | ||
| 690 | _aGuerre | ||
| 690 | _aLeader | ||
| 690 | _aPaix | ||
| 690 | _aRussie | ||
| 690 | _astratégie | ||
| 690 | _aSun Tzu | ||
| 690 | _aUkraine | ||
| 690 | _aXi Jinping | ||
| 786 | 0 | _nPhilosophie magazine | 168 | 4 | 2023-04-01 | p. 10-10 | 1951-1787 | |
| 856 | 4 | 1 | _uhttps://shs.cairn.info/magazine-philosophie-magazine-2023-4-page-10?lang=fr&redirect-ssocas=7080 |
| 999 |
_c2069707 _d2069707 |
||